00401nam a22001577a 450000500170000001000130001702000150003003500130004503700130005808200060007110000260007724500330010326000440013627000440018030000190022420180728134533.0 aA-938904 a8125014233 aA-938904 bBPPD/PUB aN aChandran, Hira Nirodi aChikkacHira Nirodi Chandran aHyderabadbOrient Longman Limitedc1998 a3-6-272 HimayatnagarbHyderabade500029 a160pc18cm(Hb)